| 000 | 00376nam a2200133Ia 4500 | ||
|---|---|---|---|
| 008 | 220204s9999 xx 000 0 und d | ||
| 082 |
_a631.461.5 _bSTE;1 |
||
| 100 | _aGALLON, W D P | ||
| 245 | 0 | _aNitrogen fixation | |
| 260 |
_aLondon _bAcademic _c1980 |
||
| 490 | _aProceedings of the phytochemical society of Europe symposium series; 18 | ||
| 700 | _aSTEWART | ||
| 942 | _cBK | ||
| 999 |
_c36637 _d36637 |
||